Countries that end in EA - Statistics

General Stats
  • This quiz has been taken 92 times
  • The average score is 4 of 6
Answer Stats
Answer % Correct
Guinea
82%
Eritrea
65%
Papua New Guinea
63%
Equatorial Guinea
56%
North Korea
49%
South Korea
49%
No matching quizzes found
Score Distribution
Percent of People with Each Score
Percentile by Number Answered
Your Score History
You have not taken this quiz